000 nam a22 7a 4500
999 _c8749
_d8749
008 180119b ||||| |||| 00| 0 eng d
100 _aGupta.V.P.etal.
_95092
245 _aMath Steps
260 _aNew Delhi
_bNCERT
_c2005